Good Government and Law : legal and Industrial Reform in Developing Countries (Record no. 9533)

000 -LEADER
fixed length control field 00309nam a2200109Ia 4500
008 - FIXED-LENGTH DATA ELEMENTS--GENERAL INFORMATION
fixed length control field 201231s9999 xx 000 0 und d
100 ## - MAIN ENTRY--PERSONAL NAME
Personal name Foundez, Julio (Ed.)
245 #0 - TITLE STATEMENT
Title Good Government and Law : legal and Industrial Reform in Developing Countries
260 ## - PUBLICATION, DISTRIBUTION, ETC.
Place of publication, distribution, etc. london
Name of publisher, distributor, etc. McMillan
300 ## - PHYSICAL DESCRIPTION
Extent 286
942 ## - ADDED ENTRY ELEMENTS (KOHA)
Koha item type Books
Holdings
Withdrawn status Lost status Damaged status Not for loan Permanent Location Date acquired Full call number Barcode Date last seen Price effective from Koha item type
        IMU Kolkata 2020-12-31 340.3091724 F7717 PM04999 2020-12-31 2020-12-31 Books
Designed and Maintained by IMU-KC Library, Kolkata Campus © Copyright All Rights Reserved

webs counters

Powered by Koha